Helang bebas di angkasa

Bibliographic Details
Main Author: Samsiah Mohd Nor
Other Authors: Mali Jaafar (Illustrator)
Format: Book
Published: Kuala Lumpur : Creative Enterprise , 1993
Series:Novel creative
Subjects:

MARC

LEADER 00000cam a2200000 7i4500
001 0000003587
002 000003860
005 20000330.0
020 |a 9838931055 
090 0 0 |a F   |b SAM 
100 0 |a Samsiah Mohd Nor 
245 1 0 |a Helang bebas di angkasa   |c Samsiah Mohd.Nor 
260 |a Kuala Lumpur :   |b Creative Enterprise ,   |c 1993 
300 |a 171p. ;   |c 18cm. 
490 0 |a Novel creative 
650 0 0 |a Love stories 
700 0 |a Mali Jaafar ,   |e ill 
999 |a 031860   |b BUKU   |c FICTION   |e PERPUSTAKAAN KOMUNITI PETALING JAYA 
999 |a 031861   |b BUKU   |c FICTION   |e PERPUSTAKAAN KOMUNITI PETALING JAYA 
999 |a 031862   |b BUKU   |c FICTION   |e PERPUSTAKAAN KOMUNITI PETALING JAYA 
999 |a 044720   |b BUKU   |c PINJAMAN   |e PERPUSTAKAAN KOMUNITI CAW KOTA DAMANSARA